000 00371nam a2200145Ia 4500
005 20260328101446.0
008 260328s9999||||xx |||||||||||||| ||und||
100 _aBolaños Palacios, Javier
245 0 _aEdilicia /
_cJavier Bolaños Palacios
250 _a1a ed.
260 _bUniversidad Católica de Colombia
300 _a93 p.
650 _aURBANISMO
942 _cBK
999 _c8454
_d8454